BSOP header

Thinking through Confucian modernity : (Record no. 37131)

MARC details
000 -LEADER
fixed length control field 01024cam a2200313 a 4500
001 - CONTROL NUMBER
control field 9168826
005 - DATE AND TIME OF LATEST TRANSACTION
control field 20140520110358.0
008 - FIXED-LENGTH DATA ELEMENTS--GENERAL INFORMATION
fixed length control field 110729s2012 ne b 001 0 eng
010 ## - LIBRARY OF CONGRESS CONTROL NUMBER
LC control number 2011030952
020 ## - INTERNATIONAL STANDARD BOOK NUMBER
International Standard Book Number 9789004215535
020 ## - INTERNATIONAL STANDARD BOOK NUMBER
International Standard Book Number 9004215530
042 ## - AUTHENTICATION CODE
Authentication code pcc
043 ## - GEOGRAPHIC AREA CODE
Geographic area code a-cc---
100 1# - MAIN ENTRY--PERSONAL NAME
Personal name Billioud, Sébastien.
245 10 - TITLE STATEMENT
Title Thinking through Confucian modernity :
Remainder of title a study of Mou Zongsan's moral metaphysics /
Statement of responsibility, etc by Sébastien Billioud.
246 30 - VARYING FORM OF TITLE
Title proper/short title Study of Mou Zongsan's moral metaphysics
260 ## - PUBLICATION, DISTRIBUTION, ETC. (IMPRINT)
Place of publication, distribution, etc Leiden [The Netherlands] ;
-- Boston :
Name of publisher, distributor, etc Brill,
Date of publication, distribution, etc c2012.
300 ## - PHYSICAL DESCRIPTION
Extent xii, 255 p. ;
Dimensions 25 cm.
490 1# - SERIES STATEMENT
Series statement Modern Chinese philosophy ;
Volume number/sequential designation v. 5
504 ## - BIBLIOGRAPHY, ETC. NOTE
Bibliography, etc Includes bibliographical references and index.
600 10 - SUBJECT ADDED ENTRY--PERSONAL NAME
Personal name Mou, Zongsan.
600 10 - SUBJECT ADDED ENTRY--PERSONAL NAME
Personal name Kant, Immanuel,
Dates associated with a name 1724-1804.
650 #0 - SUBJECT ADDED ENTRY--TOPICAL TERM
Topical term or geographic name as entry element Metaphysics.
650 #0 - SUBJECT ADDED ENTRY--TOPICAL TERM
Topical term or geographic name as entry element Ethics
Geographic subdivision China.
650 #0 - SUBJECT ADDED ENTRY--TOPICAL TERM
Topical term or geographic name as entry element Philosophy, Chinese
Chronological subdivision 20th century.
650 #0 - SUBJECT ADDED ENTRY--TOPICAL TERM
Topical term or geographic name as entry element Neo-Confucianism.
830 #0 - SERIES ADDED ENTRY--UNIFORM TITLE
Uniform title Modern Chinese philosophy ;
Volume number/sequential designation v. 5.
942 ## - ADDED ENTRY ELEMENTS (KOHA)
Source of classification or shelving scheme Library of Congress Classification
Item type Books
Holdings
Withdrawn status Lost status Source of classification or shelving scheme Damaged status Not for loan Home library Current library Shelving location Date acquired Source of acquisition Cost, normal purchase price Accession number Total Checkouts Full call number Barcode Date last seen Price effective from Koha item type
    Library of Congress Classification     BSOP Library BSOP Library Special Collections English 11/12/2013 Amazon 5093.00 36230   B5234.M674 B49 2011 00043130 11/12/2013 11/12/2013 Books
BSOP

Biblical Seminary of the Philippines
  All rights Reserved
  © 2024

CONTACT INFORMATION

Biblical Seminary of the Philippines,
  77-B Karuhatan Road, Valenzuela City,
  PHILIPPINES 1441
  Phone: +632 8292-6795 / 8292-6798
  Fax : +632 8292-6675
  Email: library@bsop.edu.ph